[Event "Capablanca Mem Premier I"]
[Site "Havana CUB"]
[Date "2004.05.08"]
[Round "3"]
[White "Otero,D"]
[Black "Perez,Rod"]
[Result "0-1"]
[WhiteElo "2399"]
[BlackElo "2451"]

1.d4 d5 2.c4 c6 3.Nf3 Nf6 4.Nc3 a6 5.e3 b5 6.cxd5 cxd5 7.a4 b4 8.Na2 e6 9.Bd2 Nc6
10.Nc1 Ne4 11.Nb3 Na5 12.Nxa5 Qxa5 13.Ne5 Bd6 14.Bd3 Nxd2 15.Qxd2 O-O 16.f4 f6
17.O-O fxe5 18.fxe5 Be7 19.Qc2 Bd7 20.Bxh7+ Kh8 21.Bg6 Bg5 22.Qe2 Bh6 23.Qh5 b3
24.Bd3 Qd2 25.Qg6 Rf5 26.Bxf5 exf5 27.Qd6 Be8 28.Rxf5 Rc8 29.Raf1 Kh7 30.e6 Rc2
31.Qg3 Qxe3+ 32.Qxe3 Bxe3+ 33.Kh1 Bxd4 34.Rxd5 Bxb2 35.e7 Re2 36.Ra5 Rxe7
37.Rxa6 Bf6 38.Rb6 Bxa4 39.Rb4 b2 40.Rxa4 Rc7 41.Re4 Rc1 42.Ree1 Bg5  0-1

[Event "Bundesliga w Playoff 2003-4"]
[Site "Baden Baden GER"]
[Date "2004.05.09"]
[Round "16"]
[White "Cramling,P"]
[Black "Kachiani,K"]
[Result "1/2-1/2"]
[WhiteElo "2491"]
[BlackElo "2439"]

1.d4 d5 2.Nf3 Nf6 3.c4 c6 4.Nc3 a6 5.Ne5 Nbd7 6.Bf4 dxc4 7.Nxc4 b5 8.Ne5 Bb7
9.e3 e6 10.Be2 c5 11.O-O cxd4 12.exd4 Bb4 13.a4 Bxc3 14.bxc3 Nd5 15.Qd2 O-O
16.Rab1 N7f6 17.Bf3 Qc8 18.Rfc1 Nxf4 19.Qxf4 Bxf3 20.Qxf3 Nd5 21.g3 Rb8 22.Kg2 Qc7
23.c4 bxc4 24.Rxc4 Rxb1 25.Rxc7 Nxc7 26.Qc6 Nd5 27.Qxa6 h5 28.a5 Rb2 29.Qd3 Ra2
30.Nc6 Rc8 31.Qb3 Rd2 32.Qb7 Rc7 33.Qb8+ Kh7 34.Qb5 Rd1 35.a6 Ra1 36.a7 Rcxa7
37.Nxa7 Rxa7 38.Qe8 Rc7 39.Qf8 Kg6 40.Qb8 Kh7 41.Qf8 Kg6 42.Qd6 Kh7 43.h3 Rc4
44.Qb8 Rc7 45.Qf8 Rd7 46.Kf3 Rc7 47.Qd8 Rc3+ 48.Kg2 Rc4 49.Qd7 Kg6 50.Qa7 Kf6
51.Qa1 Rb4 52.Qd1 g6 53.Qd2 Ke7 54.Qg5+ Kd7 55.Qe5 Ke7 56.Qh8 Nf6 57.Qc8 Rxd4
58.Qc5+ Rd6 59.Qb4 Nd5 60.Qa3 Kd7 61.Qa8 Ke7 62.Qa3 Kd7 63.Qa8 Ke7 64.Qa3  1/2-1/2

[Event "Bundesliga Playoff 2003-4"]
[Site "Baden Baden GER"]
[Date "2004.05.09"]
[Round "16"]
[White "Graf,A"]
[Black "Dautov,R"]
[Result "1-0"]
[WhiteElo "2656"]
[BlackElo "2616"]

1.d4 Nf6 2.c4 c6 3.Nc3 d5 4.Nf3 a6 5.cxd5 cxd5 6.Ne5 Nc6 7.Bg5 Qb6 8.Nxc6 bxc6
9.Qd2 Rb8 10.b3 e5 11.dxe5 Ne4 12.Nxe4 Bb4 13.Nc3 d4 14.Rc1 Bf5 15.e4 Bg6
16.Bc4 h6 17.Bf4 dxc3 18.Qe2 c2+ 19.Kf1 Rd8 20.f3 O-O 21.Rxc2 Rfe8 22.g3 a5
23.Kg2 Qd4 24.Rcc1 Qd7 25.Rhd1 Qe7 26.Rxd8 Rxd8 27.Rd1 Rxd1 28.Qxd1 Bh5 29.g4 g5
30.Bg3 Bg6 31.Qd3 Bc5 32.Qd2 Bb4 33.Qd4 Bc5 34.Qd3 Bb4 35.h3 Bc5 36.Qd2 Bb4
37.Qd4 Bc5 38.Qd3 Bb4 39.Kf1 Bc5 40.a4 Bb4 41.Qd4 Bc5 42.Qb2 Bb4 43.Be1 Bxe1
44.Kxe1 Qc5 45.Kf1 Qe3 46.Kg2 Kh7 47.Qf2 Qc3 48.e6 fxe6 49.Qa7+ Kh8 50.Bxe6 Qb2+
51.Qf2 Qc3 52.Bc4 Kg7 53.h4 Qe5 54.Qd2 gxh4 55.Qd7+ Kf8 56.Qd8+ Be8 57.Qxh4 Kg7
58.Qh2 Qb2+ 59.Kh3 Qc3 60.Qc7+ Kh8 61.Qf4 Kg7 62.e5  1-0

[Event "FSGM May"]
[Site "Budapest HUN"]
[Date "2004.05.09"]
[Round "9"]
[White "Farago,I"]
[Black "Seres,L"]
[Result "1/2-1/2"]
[WhiteElo "2507"]
[BlackElo "2497"]

1.d4 d5 2.c4 c6 3.Nf3 Nf6 4.Nc3 a6 5.c5 Nbd7 6.Bf4 Nh5 7.e3 Nxf4 8.exf4 g6
9.h4 Bg7 10.h5 b6 11.cxb6 Qxb6 12.Qd2 Rb8 13.b3 Nf6 14.hxg6 hxg6 15.Rxh8+ Bxh8
16.Rc1 Ne4 17.Nxe4 dxe4 18.Ne5 Bb7 19.Rc5  1/2-1/2

[Event "Karadjordje-Serbia"]
[Site "Topola SCG"]
[Date "2004.05.09"]
[Round "6"]
[White "Ivanisevic,I"]
[Black "Pikula,D"]
[Result "1/2-1/2"]
[WhiteElo "2550"]
[BlackElo "2523"]

1.d4 Nf6 2.c4 c6 3.Nc3 d5 4.Nf3 a6 5.cxd5 cxd5 6.Bg5 Nc6 7.e3 Bg4 8.Bxf6 gxf6
9.h3 Bxf3 10.Qxf3 e6 11.Bd3 h5 12.O-O f5 13.Bxf5 exf5 14.Nxd5 Bg7 15.Rac1 h4
16.Rc5 O-O 17.Qxf5 Ne7 18.Nxe7+ Qxe7 19.Rfc1 Qe6 20.Qxe6 fxe6 21.b3 Rf7 22.f4 Rd7
23.Kf2 Kf7 24.Kf3 Bf6 25.Rc8 Rxc8 26.Rxc8 Be7 27.Ke4 Rd5 28.Kd3 Ra5 29.Rc2 b5
30.e4 b4 31.e5 Rd5 32.Ke4 Rd8 33.Rc7 Rg8 34.f5 exf5+ 35.Kxf5 Rg5+ 36.Ke4 Rxg2
37.d5 Ke8 38.d6 Bxd6 39.exd6 Rxa2 40.Kd5 Kd8 41.Rc4 Kd7 42.Rxh4 Ra5+ 43.Kc4 Rb5
44.Rh6 Kc6 45.h4 Rb8 46.h5 a5 47.Rg6 a4 48.h6 a3 49.h7 a2 50.Rg1 Rh8 51.Kxb4 Rxh7
52.Rd1 Ra7 53.Ra1  1/2-1/2

[Event "7th United Insurance"]
[Site "Dhaka BAN"]
[Date "2004.05.10"]
[Round "5"]
[White "Lodhi,M"]
[Black "Das,A"]
[Result "1/2-1/2"]
[WhiteElo "2406"]
[BlackElo "2350"]

1.d4 d5 2.c4 c6 3.Nf3 Nf6 4.Nc3 a6 5.a4 e6 6.Bg5 Nbd7 7.e3 Be7 8.Bd3 O-O
9.a5 c5 10.O-O dxc4 11.Bxc4 b5 12.axb6 Nxb6 13.Bd3 cxd4 14.Nxd4 Bb7 15.Qe2 a5
16.Rfd1 Nfd5 17.Qh5 g6 18.Bxe7 Qxe7 19.Qh6 e5 20.Nxd5 Bxd5 21.Nb5 Rfd8 22.Bf1 Bc6
23.Nc3 Rxd1 24.Rxd1 Rd8 25.Rxd8+ Qxd8 26.h4 Qd2 27.Qg5 Qxb2 28.Nd1 Qb3 29.Qxe5 Nd7
30.Qd4 Qd5 31.Qxd5 Bxd5 32.Nc3 Bb3 33.h5 Nf6 34.hxg6 hxg6 35.Nb5 Kf8 36.f3 Nd5
37.Kf2 a4 38.Bd3 Nb4 39.Ke2 Ke7 40.Kd2 Nxd3 41.Kxd3 Kf6 42.e4 Ke5 43.g3 g5
44.Ke3 Bc4 45.f4+ gxf4+ 46.gxf4+ Kf6 47.Na3 Bb3 48.Kd4 Ke7 49.Kc5 Bd1 50.Kd5 Bb3+
51.Ke5 Bd1 52.f5 f6+ 53.Kd4 Bb3  1/2-1/2

[Event "CXSP Open"]
[Site "Sao Paulo BRA"]
[Date "2004.05.11"]
[Round "6"]
[White "Batista,Re2"]
[Black "Cajal,A"]
[Result "1/2-1/2"]
[WhiteElo "2261"]
[BlackElo "2130"]

1.d4 d5 2.c4 c6 3.Nc3 a6 4.Nf3 Nf6 5.e3 g6 6.Bd3 Bg7 7.O-O O-O 8.b3 b5 9.Bb2 Bb7
10.Re1 b4 11.Na4 Nbd7 12.Rc1 Rc8 13.Qe2 Qa5 14.a3 dxc4 15.Rxc4 c5 16.dxc5 bxa3
17.Bxa3 Bc6 18.Bb4 Qc7 19.e4 Rcd8 20.Qd2 Ne5 21.Nxe5 Qxe5 22.Bc3 Qh5 23.Qe2 Bb5
24.Rd4 Ng4 25.h3 Bxd4 26.hxg4 Bxd3 27.gxh5 Bxe2 28.Rxe2 Bxc3 29.Nxc3 Rb8
30.Nd5 Rxb3 31.Nxe7+ Kg7 32.hxg6 hxg6 33.Rc2 Rb7 34.Nd5 Rc8 35.c6  1/2-1/2

[Event "1st Open"]
[Site "Kranj SLO"]
[Date "2004.05.12"]
[Round "7"]
[White "Nikolov,Sas"]
[Black "Gombac,Jan"]
[Result "1-0"]
[WhiteElo "2392"]
[BlackElo "2227"]

1.d4 Nf6 2.c4 c6 3.Nc3 d5 4.Nf3 a6 5.c5 Nbd7 6.Bf4 g6 7.h3 Bg7 8.e3 O-O 9.Be2 Ne4
10.O-O e5 11.Nxe5 Nexc5 12.Nxd7 Nxd7 13.b4 Qe7 14.Qb3 f5 15.a4 g5 16.Bh2 Kh8
17.b5 axb5 18.axb5 Rxa1 19.Rxa1 f4 20.bxc6 bxc6 21.Qa3 Qe8 22.exf4 gxf4 23.Rd1 Qg6
24.Bf3 Nb6 25.Ne2 Nc4 26.Qc1 Bh6 27.Bxf4 Bxf4 28.Nxf4 Qh6 29.Nd3 Qg7 30.Nf4 Qf7
31.g3 Bxh3 32.Bxd5 cxd5 33.Nxh3 Qf3 34.Re1 Nd6 35.Re7 Ne4 36.Qh6 Qd1+ 37.Kh2  1-0

[Event "1st Open"]
[Site "Kranj SLO"]
[Date "2004.05.13"]
[Round "8"]
[White "Sebenik,M"]
[Black "Kuljasevic,D"]
[Result "1/2-1/2"]
[WhiteElo "2440"]
[BlackElo "2408"]

1.d4 d5 2.Nf3 Nf6 3.c4 c6 4.Nc3 a6 5.cxd5 cxd5 6.Bg5 Ne4 7.Bh4 Qa5 8.Qb3 e6
9.e3 Bb4 10.Rc1 Bd7 11.a3 Bxc3+ 12.bxc3 Bb5 13.Ne5 f6 14.Nd3 Nd7 15.f3 Nd6
16.Nb2 Bxf1 17.Rxf1 Nb6 18.Bg3 Qb5 19.Qxb5+ Nxb5 20.a4 Na3 21.Ke2 Nac4 22.Nxc4 Nxc4
23.Ra1 b6 24.Rfb1 Kd7 25.Kd3 Rhc8 26.e4 Rc6 27.Ra2 Rac8 28.Re2 Na5 29.Be1 Nb7
30.Reb2 Kc7 31.exd5 exd5 32.Re2 Kd7 33.Reb2 Kc7 34.Re2 Kd7  1/2-1/2

[Event "Capablanca Mem Mixto"]
[Site "Havana CUB"]
[Date "2004.05.14"]
[Round "8"]
[White "Mascaro March,P"]
[Black "Groffen,H"]
[Result "1/2-1/2"]
[WhiteElo "2309"]
[BlackElo "2207"]

1.d4 d5 2.Nf3 Nf6 3.c4 c6 4.Nc3 a6 5.c5 Nbd7 6.h3 Qc7 7.Bg5 h6 8.Bxf6 Nxf6
9.e3 Bf5 10.Bd3 Bxd3 11.Qxd3 Nd7 12.O-O g6 13.Nd2 e5 14.e4 dxe4 15.Ncxe4 O-O-O
16.b4 f5 17.Nc3 exd4 18.Na4 h5 19.Nc4 Qf4 20.Nab6+ Kc7 21.Nxd7 Rxd7 22.Rae1 h4
23.Re6 Bg7 24.Rfe1 Qg5 25.a4 f4 26.Rxg6 Qh5 27.f3 Rf8 28.Ree6 Rff7 29.Nd6 Rfe7
30.Ne8+ Rxe8 31.Rxe8 Qd5 32.Rge6 Bf8 33.Re2 Qf7 34.R8e4 Qg6 35.Kh1 Bg7 36.b5 axb5
37.axb5 cxb5 38.Qa3 Qa6 39.Qc1 Bh6 40.c6 bxc6 41.Re6 b4 42.Rxh6 d3 43.Ree6 d2
44.Rxc6+ Kb7 45.Qd1 Qxc6 46.Rxc6 Kxc6 47.Qa4+ Kc7 48.Qa7+ Kc6 49.Qa4+ Kc7
50.Qa5+ Kc6 51.Qa6+ Kc7  1/2-1/2

[Event "Capablanca Mem Premier I"]
[Site "Havana CUB"]
[Date "2004.05.16"]
[Round "10"]
[White "Lafuente,P"]
[Black "Perez,Rod"]
[Result "1-0"]
[WhiteElo "2433"]
[BlackElo "2451"]

1.d4 d5 2.c4 c6 3.Nf3 Nf6 4.Nc3 a6 5.e3 b5 6.b3 Bg4 7.Be2 e6 8.O-O Nbd7 9.h3 Bh5
10.Bb2 Bd6 11.Ne5 Bxe2 12.Nxe2 Qc7 13.cxd5 cxd5 14.Rc1 Qb8 15.Nxd7 Kxd7 16.f3 Qb7
17.e4 dxe4 18.d5 Qxd5 19.fxe4 Qxe4 20.Rc3 Rhd8 21.Ng3 Qb7 22.Rcf3 Ke8 23.Qb1 Bc5+
24.Kh1 Bd4 25.Bxd4 Rxd4 26.Nh5 Nxh5 27.Qxh7 Qd5 28.Qg8+ Kd7 29.Qxf7+ Kd6
30.Rc3 Ng3+ 31.Rxg3  1-0

[Event "5th IECC"]
[Site "Antalya TUR"]
[Date "2004.05.21"]
[Round "6"]
[White "Akesson,R"]
[Black "Agrest,E"]
[Result "1/2-1/2"]
[WhiteElo "2476"]
[BlackElo "2601"]

1.Nf3 d5 2.d4 Nf6 3.c4 c6 4.Nc3 a6 5.a4 e6 6.Bg5 Nbd7 7.e3 Qa5 8.Nd2 Bb4
9.Qc2 c5 10.dxc5 Qxc5 11.Be2 d4 12.Bxf6 Nxf6 13.exd4 Qxd4 14.O-O O-O 15.Rfd1 Qe5
16.Bf3 Be7 17.a5 Rb8 18.Nb3 Bd7 19.Na4 Qc7 20.Nb6 Bc6 21.Bxc6 Qxc6 22.Rd3 Rbd8
23.Rad1 Rxd3 24.Qxd3 h6 25.g3 Ng4 26.Qe2 Nf6 27.Rd3 Re8 28.Qe5 Ng4 29.Qf4 Nf6
30.Qe5 Ng4 31.Qf4 Nf6  1/2-1/2

[Event "Victor Syre Open"]
[Site "Issy les Moulineaux FRA"]
[Date "2004.05.22"]
[Round "5"]
[White "Demarre,J"]
[Black "Martin,Thi"]
[Result "1-0"]
[WhiteElo "2315"]
[BlackElo "1987"]

1.d4 d5 2.c4 c6 3.Nf3 Nf6 4.Nc3 a6 5.c5 Nbd7 6.b4 Ne4 7.Nxe4 dxe4 8.Nd2 Nf6
9.Nc4 Nd5 10.Qb3 Be6 11.e3 g6 12.Bd2 Bg7 13.Qc2 f5 14.Be2 Qc7 15.g3 Bf7 16.a4 O-O
17.Bc3 Nxc3 18.Qxc3 Rad8 19.O-O Kh8 20.Rab1 Bxc4 21.Qxc4 e5 22.dxe5 Bxe5
23.Rfd1 Rxd1+ 24.Rxd1 Rd8 25.Rxd8+ Qxd8 26.Qf7 Qb8 27.Bc4 Bg7 28.Kg2 Qc8
29.Be6 Qb8 30.h4  1-0

[Event "Hostan Open"]
[Site "Znojmo CZE"]
[Date "2004.05.22"]
[Round "8"]
[White "Vokac,M"]
[Black "Meins,G"]
[Result "1-0"]
[WhiteElo "2462"]
[BlackElo "2456"]

1.Nf3 Nf6 2.c4 c6 3.Nc3 d5 4.d4 a6 5.c5 Bg4 6.Qb3 Ra7 7.Ne5 Bf5 8.Bf4 Nbd7
9.e3 Nxe5 10.Bxe5 Nd7 11.Bg3 e5 12.Be2 Be7 13.Rd1 O-O 14.O-O exd4 15.exd4 Re8
16.Bd3 Bxd3 17.Rxd3 Bxc5 18.dxc5 Nxc5 19.Qd1 Nxd3 20.Qxd3 d4 21.Ne4 b6 22.Nd6 Re6
23.Qxd4 Rd7 24.Rd1 c5 25.Qd5 h6 26.h3 Re2 27.Kh2 Rxb2  1-0

[Event "5th IECC"]
[Site "Antalya TUR"]
[Date "2004.05.23"]
[Round "8"]
[White "Mamedjarova,Z"]
[Black "Yeke,S"]
[Result "0-1"]
[WhiteElo "2343"]
[BlackElo "2238"]

1.d4 d5 2.c4 c6 3.Nf3 Nf6 4.Nc3 a6 5.Qb3 e6 6.Bg5 Be7 7.e3 O-O 8.Bd3 dxc4
9.Bxc4 b5 10.Be2 Nbd7 11.O-O c5 12.Rfd1 c4 13.Qc2 Nd5 14.Bxe7 Qxe7 15.e4 Nf4
16.Bf1 f5 17.g3 Nd3 18.exf5 Rxf5 19.Bxd3 cxd3 20.Rxd3 Bb7 21.Nh4 Rh5 22.Qe2 Nf6
23.Re3 Qf7 24.Rxe6 Rxh4 25.Re7 Rxh2 26.Rxb7 Qxb7 27.Kxh2 Re8 28.Qf1 b4 29.Na4 Ng4+
30.Kg1 Rf8 31.f4 Qe4 32.Rc1 Qxd4+ 33.Kh1 Ne3 34.Qf3 Qd2 35.Rc7 h5 36.Kg1 Qe1+
37.Kh2 Ng4+ 38.Kh3 Nf2+ 39.Kh4 g5+ 40.Kxg5 Ne4+ 41.Kh4 Nf6 42.Nc5 Qg1 43.Qb3+ Kh8
44.Qf3 Rg8 45.Kh3 Ng4 46.Rh7+ Kxh7 47.Qe4+ Kh8  0-1

[Event "XII Guillermo Garcia Prem II"]
[Site "Santa Clara CUB"]
[Date "2004.05.25"]
[Round "5"]
[White "Nogueiras,J"]
[Black "Perez,Rod"]
[Result "1/2-1/2"]
[WhiteElo "2482"]
[BlackElo "2451"]

1.d4 d5 2.Nf3 Nf6 3.c4 c6 4.Nc3 a6 5.e3 b5 6.b3 Bg4 7.Be2 e6 8.O-O Nbd7 9.h3 Bh5
10.Bb2 Bd6 11.Ne5 Bxe2 12.Nxe2 Qc7 13.cxd5 cxd5 14.Rc1 Qb8 15.Nxd7 Kxd7 16.f3 Qb7
17.Nf4 Bxf4 18.exf4 Nh5  1/2-1/2

[Event "5th IECC"]
[Site "Antalya TUR"]
[Date "2004.05.28"]
[Round "12"]
[White "Erdogan,H"]
[Black "Yeke,S"]
[Result "1-0"]
[WhiteElo "2252"]
[BlackElo "2238"]

1.d4 d5 2.c4 c6 3.Nf3 Nf6 4.Nc3 a6 5.g3 dxc4 6.a4 e6 7.Bg2 c5 8.dxc5 Qc7
9.O-O Nbd7 10.Bf4 e5 11.Nxe5 Nxe5 12.Qd4 Nc6 13.Qxf6 gxf6 14.Bxc7 Bxc5 15.Ne4 Bd4
16.Rab1 f5 17.e3 Be5 18.Bxe5 Nxe5 19.Nd6+ Ke7 20.Rfd1 Rd8 21.Nxc8+ Raxc8
22.Bxb7 Rxd1+ 23.Rxd1 Rb8 24.Bxa6 Rxb2 25.Rc1 Nd3 26.Rxc4 Nxf2 27.Rh4 Kf6
28.Bf1 h5 29.Rf4 Ng4 30.e4 Ke5 31.Rxf5+ Kxe4 32.Rxf7 Ke3 33.Re7+ Kf3 34.Be2+ Rxe2
35.Rxe2 Kxe2 36.a5 Ne5 37.a6 Nc6 38.Kg2 Kd3 39.Kh3 Kc4 40.Kh4 Kb5 41.Kxh5 Kxa6
42.Kg5 Kb6 43.h4 Kc7 44.Kf6 Kd6 45.h5 Ne5 46.h6  1-0

[Event "57th ch-RUS Qualifier"]
[Site "St Petersburg RUS"]
[Date "2004.05.28"]
[Round "7"]
[White "Ivanov,Se1"]
[Black "Volkov,S1"]
[Result "1-0"]
[WhiteElo "2546"]
[BlackElo "2629"]

1.d4 d5 2.c4 c6 3.Nc3 Nf6 4.Nf3 a6 5.c5 Nbd7 6.Bf4 Nh5 7.e3 g6 8.Bd3 Bg7
9.O-O O-O 10.Bg5 Bf6 11.Bxf6 Ndxf6 12.h3 Ng7 13.b4 Bf5 14.a4 Nd7 15.b5 Qa5
16.Bxf5 Nxf5 17.bxc6 bxc6 18.Qd2 Rfb8 19.Rfb1 Qc7 20.e4 dxe4 21.Nxe4 Nf6
22.Nxf6+ exf6 23.d5 cxd5 24.Qxd5 Rd8 25.Rb7 Rxd5 26.Rxc7 Ng7 27.c6 Ne6 28.Rb7 Rc5
29.Rb6 a5 30.Rd1 Rc8 31.Rd6 Rc4 32.g3 Rxa4 33.Kg2 Rc4 34.Ra6 a4 35.Nd2 Rb4
36.Ra7 Kf8 37.Rdd7 Nd8 38.Rdc7 Rxc7 39.Rxc7 Kg7 40.Rc8 Ne6 41.c7 Nxc7 42.Rxc7 g5
43.Ra7 h5 44.Nf1 f5 45.Ra5 Kg6 46.Ne3 f4 47.Nd5 Rd4 48.gxf4 gxf4 49.Kf3 Rd3+
50.Ke4  1-0

[Event "57th ch-RUS Qualifier"]
[Site "St Petersburg RUS"]
[Date "2004.05.30"]
[Round "9"]
[White "Riazantsev,A"]
[Black "Volkov,S1"]
[Result "1-0"]
[WhiteElo "2556"]
[BlackElo "2629"]

1.d4 d5 2.c4 c6 3.Nf3 Nf6 4.Nc3 a6 5.e3 b5 6.b3 Bg4 7.Be2 e6 8.O-O Nbd7 9.h3 Bf5
10.Bd3 Bd6 11.Bxf5 exf5 12.Qc2 g6 13.cxd5 Rc8 14.dxc6 Rxc6 15.Qd3 O-O 16.Bb2 Qa5
17.a4 b4 18.Ne2 Qd5 19.Rfc1 Nb8 20.Nd2 Rcc8 21.Rxc8 Rxc8 22.Rc1 Rd8 23.Qc4 Qb7
24.Nf3 Nd5 25.Nd2 Ne7 26.Qd3 Nd7 27.Qc2 Bb8 28.Nf3 Rc8 29.Qd1 Rd8 30.Rc2 Qd5
31.Rc4 Nb6 32.Rc1 Nd7 33.Qc2 Rc8 34.Qd1 Rd8 35.Qc2 Rc8 36.Qd3 Nc5 37.Qc4 Qxc4
38.Rxc4 Nxb3 39.Rxb4 Na5 40.Bc3 Nd5 41.Rxb8 Rxb8 42.Bxa5 Rb1+ 43.Kh2 Ra1
44.Nc3 Nxc3 45.Bxc3 Ra3 46.Bb4 Rxa4 47.Be7 Ra5 48.Ne5 Rb5 49.g4 fxg4 50.hxg4 f5
51.gxf5 gxf5 52.Kg3 a5 53.Kf4 a4 54.Kxf5 Rb3 55.Nc4 Rc3 56.Na3 Kf7 57.Bc5 Ke8
58.Ke6 Kd8 59.Kf5 Kd7 60.Kg5 Rc1 61.e4 Rg1+ 62.Kh6 Rh1+ 63.Kg5 Rg1+ 64.Kh4 Kc6
65.f4 Re1 66.e5 Rf1 67.Kg5 Rg1+ 68.Kh4 Rf1 69.Kg5 Rg1+ 70.Kh6 Rh1+ 71.Kg7 h5
72.e6 h4 73.Nc4 Rb1 74.e7 Rb8 75.Ne5+ Kd5 76.f5 a3 77.Bxa3 h3 78.Ng4 Ke4
79.f6 Kf5 80.f7 Kxg4 81.e8=Q  1-0

[Event "3rd ACP Blitz Prelim3"]
[Site "playchess.com INT"]
[Date "2004.06.02"]
[Round "20"]
[White "Grabuzova,T"]
[Black "Fontaine,R"]
[Result "1-0"]
[WhiteElo "2348"]
[BlackElo "2525"]

1.d4 d5 2.c4 c6 3.Nf3 Nf6 4.Nc3 a6 5.c5 Nbd7 6.Bf4 Nh5 7.e3 Nxf4 8.exf4 g6
9.h4 Bg7 10.Qd2 Nf6 11.Bd3 O-O 12.Ne5 Ng4 13.f3 Nxe5 14.fxe5 f6 15.f4 fxe5
16.fxe5 Bf5 17.h5 Qd7 18.hxg6 Bxd3 19.Qxd3 Qg4 20.gxh7+ Kh8 21.Ne2 Qxg2 22.O-O-O Rf3
23.Qd2 Rf2 24.Rhg1 Qh2 25.Rh1 Qg2 26.Rdg1 Qf3 27.Qg5 Qf7 28.Nc3 Rf8 29.Nd1 Qf4+
30.Qxf4 R2xf4 31.Rh3  1-0

[Event "3rd ACP Blitz Prelim4"]
[Site "playchess.com INT"]
[Date "2004.06.03"]
[Round "1"]
[White "Shipov,S"]
[Black "Volkov,S1"]
[Result "1/2-1/2"]
[WhiteElo "2593"]
[BlackElo "2629"]

1.d4 d5 2.c4 c6 3.Nc3 Nf6 4.Nf3 a6 5.c5 Nbd7 6.Bf4 Nh5 7.e3 g6 8.h4 Bg7 9.Bh2 Nhf6
10.Be2 Ng4 11.Bg3 e5 12.h5 e4 13.Nd2 Ngf6 14.b4 O-O 15.Nb3 Re8 16.a4 Nf8
17.b5 a5 18.bxc6 bxc6 19.Rb1 Qc7 20.Bxc7  1/2-1/2

[Event "3rd ACP Blitz Prelim4"]
[Site "playchess.com INT"]
[Date "2004.06.03"]
[Round "1"]
[White "Shipov,S"]
[Black "Volkov,S1"]
[Result "0-1"]
[WhiteElo "2593"]
[BlackElo "2629"]

1.d4 d5 2.c4 c6 3.Nc3 Nf6 4.Nf3 a6 5.c5 Nbd7 6.Bf4 Nh5 7.e3 g6 8.h4 Bg7 9.Bh2 O-O
10.Be2 Re8  0-1

[Event "3rd ACP Blitz Prelim5"]
[Site "playchess.com INT"]
[Date "2004.06.04"]
[Round "22"]
[White "Kobalia,M"]
[Black "Gallegos,Ca"]
[Result "1-0"]
[WhiteElo "2630"]
[BlackElo "2452"]

1.d4 d5 2.c4 c6 3.Nf3 Nf6 4.Nc3 a6 5.g3 Bf5 6.Bg2 e6 7.O-O b5 8.cxd5 cxd5
9.Ne5 Nfd7 10.e4 dxe4 11.Nxe4 Nxe5 12.dxe5 Qxd1 13.Rxd1 Bxe4 14.Bxe4 Ra7
15.Be3 Rd7 16.Rdc1 Be7 17.Rc8+ Rd8 18.Rc7 Rd7 19.Rac1 O-O 20.Ba7 Bb4 21.Bxb8 Rd4
22.a3 Bd2 23.R1c2 Rxe4 24.Rc8 Bg5 25.Bd6 Rd8 26.Rxd8+ Bxd8 27.Rc8  1-0

[Event "3rd ACP Blitz Final"]
[Site "playchess.com INT"]
[Date "2004.06.05"]
[Round "1.5"]
[White "Nielsen,PH"]
[Black "Najer,E"]
[Result "1-0"]
[WhiteElo "2628"]
[BlackElo "2606"]

1.d4 d5 2.c4 c6 3.Nc3 Nf6 4.Nf3 a6 5.c5 Nbd7 6.Bf4 Nh5 7.e3 b6 8.cxb6 Nxf4
9.exf4 Qxb6 10.Qd2 Rb8 11.Na4 Qb4 12.b3 e6 13.Rc1 Bb7 14.Bd3 Qxd2+ 15.Kxd2 Ba3
16.Rc2 f6 17.h4 h5 18.g3 Kf7 19.Ke2 Rhc8 20.Nc5 Bxc5 21.dxc5 a5 22.Re1 Ra8
23.Kd2 Ba6 24.Nd4 Bxd3 25.Kxd3 e5 26.Nf5 Rcb8 27.fxe5 Nxe5+ 28.Kc3 Ra7 29.Rce2 Rb4
30.f4 Nf3 31.Rf1 Kg6 32.Ne7+ Rxe7 33.Rxe7 Nd4 34.Kd3 Nf5 35.Rc7 Rd4+ 36.Kc3 Re4
37.Rxc6 Re3+ 38.Kb2 Re2+ 39.Ka3 d4 40.Rc8 d3 41.Rd8 d2 42.Rd1 Re3 43.R1xd2 Rxg3
44.Rc2 Rg1 45.c6 Ne7 46.c7 Kf5 47.Re8  1-0

[Event "3rd ACP Blitz Octofinal"]
[Site "playchess.com INT"]
[Date "2004.06.05"]
[Round "2"]
[White "Nielsen,PH"]
[Black "Kobalia,M"]
[Result "1/2-1/2"]
[WhiteElo "2628"]
[BlackElo "2630"]

1.d4 d5 2.c4 c6 3.Nf3 Nf6 4.Nc3 a6 5.c5 Nbd7 6.Bf4 Nh5 7.Bd2 Nhf6 8.Bf4 Nh5
9.Bd2 g6 10.e4 dxe4 11.Nxe4 Ndf6 12.Nxf6+ Nxf6 13.Bc4 Nd5 14.O-O Bg7 15.Qb3 O-O
16.Rfe1 Re8 17.h3 a5 18.Re2 a4 19.Qa3 b5 20.cxb6 Nxb6 21.Bd3 Be6 22.Rxe6 fxe6
23.Re1 Qd7 24.Qc5 Nd5 25.h4 Reb8 26.Qc2 Nb4 27.Bxb4 Rxb4 28.h5 Bxd4 29.Bc4 Kh8
30.b3 axb3 31.axb3 Ra1 32.Rxa1 Bxa1 33.hxg6 Bf6 34.gxh7 Rb8 35.g4 Qd6 36.Qg6 Rf8
37.Kg2 Bg7 38.Bxe6 Qf4 39.Qd3 Rf6 40.Qd8+ Bf8 41.Bf5 Rxf5 42.gxf5 Qxf5 43.Qd4+ Bg7
44.Qh4 Bf6 45.Qh3 Qxh7 46.Qxh7+ Kxh7 47.Nd2 Kg6 48.Kf3 Kf5 49.Nc4 Bd4 50.Na5 c5
51.Nc6 Bf6 52.Ke3 Bg5+ 53.Kd3 Kf4 54.Kc4 Kf3 55.Kxc5 Kxf2 56.b4 Kf3 57.Kd5 Ke2
58.b5 Be3 59.Nxe7 Kd3 60.Nc6 Kc3 61.Ne5 Kb4 62.Kc6 Bg1 63.Nd3+ Kc4 64.Ne5+ Kb4
65.Nd3+ Kc4 66.Nf4 Kb4 67.Nd5+ Kc4 68.Nc7 Kb4 69.b6 Bxb6 70.Kxb6  1/2-1/2

[Event "FSGM June"]
[Site "Budapest HUN"]
[Date "2004.06.08"]
[Round "4"]
[White "Nguyen Ngoc Truongson"]
[Black "Seres,L"]
[Result "1/2-1/2"]
[WhiteElo "2431"]
[BlackElo "2497"]

1.d4 d5 2.c4 c6 3.Nf3 Nf6 4.Nc3 a6 5.e3 b5 6.b3 Bg4 7.Be2 e6 8.h3 Bh5 9.O-O Nbd7
10.Bb2 Bd6 11.Ne5 Bxe2 12.Nxe2 Qc7 13.cxd5 cxd5 14.Rc1 Qb8 15.Nxd7 Nxd7 16.e4 O-O
17.e5 Be7 18.Rc3 Rc8 19.Rg3 Qc7 20.Nf4 Nf8 21.Qg4 Ng6 22.Nd3 Bf8 23.h4 Qa5
24.h5 Ne7 25.a3 Rc2 26.Rf3 Nf5 27.Qf4 Qd2 28.Qxd2 Rxd2 29.b4 Rc8 30.g4 Ne7
31.Bc1 Rdc2 32.Nc5 Nc6 33.Nb3 Nxd4 34.Nxd4 Rxc1 35.Rxc1 Rxc1+ 36.Kg2 Be7
37.Rd3 Bd8 38.f4 Bb6 39.Nf3 Rc4 40.Kg3 Kf8 41.g5 Bc7 42.Nd2 Rc1 43.Nb3 Rc4
44.Nd2 Rc2 45.Nf3 Ke7 46.Re3 Bb6 47.Rd3 Re2 48.h6 gxh6 49.gxh6 Re3 50.Rxe3 Bxe3
51.Ng5 f6 52.exf6+ Kxf6 53.Kf3 Bc1 54.Nxh7+ Kg6 55.Nf8+ Kxh6 56.Nxe6 Bxa3
57.Nc7 Bxb4 58.Nxa6 Ba5 59.Ke3 Bb6+ 60.Kd3  1/2-1/2

[Event "II Gyorgy Marx Mem IM"]
[Site "Paks HUN"]
[Date "2004.06.12"]
[Round "8"]
[White "Dragomirescu,An"]
[Black "Krutti,V"]
[Result "1-0"]
[WhiteElo "2288"]
[BlackElo "2377"]

1.d4 Nf6 2.c4 c6 3.Nf3 d5 4.Nc3 a6 5.Ne5 e6 6.Bf4 dxc4 7.Nxc4 b5 8.Ne5 Bb7
9.e3 Nbd7 10.Be2 c5 11.O-O cxd4 12.exd4 Bb4 13.a4 Bxc3 14.bxc3 Nd5 15.Bd2 Nxe5
16.dxe5 O-O 17.axb5 axb5 18.Qb3 Nc7 19.Be3 Qd5 20.Qxd5 Nxd5 21.Bd2 Rfc8 22.Rxa8 Bxa8
23.Bxb5 Nb6 24.Rb1 Bc6 25.Ba6 Rb8 26.Be3 Nd7 27.Rxb8+ Nxb8 28.Bd3 Bb7 29.f4 h5
30.Kf2 Ba6 31.Be4 Bb5 32.Ba7 Nc6 33.Bc5 Na5 34.Ke3 f5 35.exf6 gxf6 36.Bb4 Nc6
37.Bd6 Kg7 38.c4 Ba4 39.g3 Na5 40.Kd4 Kf7 41.Bf3 h4 42.gxh4 Bb3 43.c5 Ba4
44.h5 Bd7 45.Be4 Kg7 46.Kc3 Nc6 47.Bxc6  1-0

[Event "8th Open"]
[Site "Voronezh RUS"]
[Date "2004.06.13"]
[Round "2"]
[White "Zakharevich,I"]
[Black "Idrisova,R"]
[Result "1-0"]
[WhiteElo "2515"]
[BlackElo "2102"]

1.d4 d5 2.c4 c6 3.Nf3 Nf6 4.Nc3 a6 5.a4 e6 6.Bg5 Nbd7 7.a5 dxc4 8.e3 h6 9.Bh4 g5
10.Bg3 Bb4 11.Bxc4 Bxa5 12.O-O b5 13.Bd3 Bb4 14.Ne5 Bb7 15.Ne4 Nxe4 16.Bxe4 Nxe5
17.Bxe5 f6 18.Qh5+ Ke7 19.Bxf6+ Kxf6 20.f4 Qe8 21.fxg5+ Kg7 22.gxh6+ Rxh6
23.Qe5+ Kg8 24.Qg5+ Rg6 25.Bxg6 Qe7 26.Bf7+  1-0

[Event "FSGM June"]
[Site "Budapest HUN"]
[Date "2004.06.15"]
[Round "11"]
[White "Gonda,L"]
[Black "Seres,L"]
[Result "1/2-1/2"]
[WhiteElo "2397"]
[BlackElo "2497"]

1.d4 d5 2.c4 c6 3.Nc3 Nf6 4.Nf3 a6 5.cxd5 cxd5 6.Bg5 Ne4 7.Bh4 Qa5 8.Qb3 e6
9.e3 Bb4 10.Rc1 Bd7 11.a3 Bxc3+ 12.bxc3 Bb5 13.Nd2 Nxd2 14.Kxd2 Nc6 15.Bxb5 axb5
16.Rb1 O-O 17.Rhc1 Ra7 18.Ke1 h6 19.Qxb5 Qxa3 20.c4  1/2-1/2

[Event "8th Open"]
[Site "Voronezh RUS"]
[Date "2004.06.15"]
[Round "4"]
[White "Burmakin,V"]
[Black "Khmelnitski,A"]
[Result "1/2-1/2"]
[WhiteElo "2571"]
[BlackElo "2492"]

1.d4 d5 2.c4 c6 3.Nf3 Nf6 4.Nc3 a6 5.c5 Nbd7 6.Bf4 Nh5 7.Be3 Qc7 8.g3 g6
9.Qd2 Bg7 10.g4 Nhf6 11.Bf4 Qd8 12.h3 h5 13.g5 Ne4 14.Nxe4 dxe4 15.Nh4 Nf8
16.Be3 Ne6 17.O-O-O Qd5 18.Kb1 O-O 19.Bg2 Rd8 20.f3 Bxd4 21.Qc2 Bxe3 22.Rxd5 Rxd5
23.fxe4 Rxc5 24.Qd3 Bxg5 25.Nf3 Bf6 26.Rd1 Rb5 27.e5 Bg7 28.e4 a5 29.Bf1 Rc5
30.Qe3 b6 31.h4 Kh7 32.Bh3 Bh6 33.Qf2 Kg7 34.Rf1 Ba6 35.Ng5  1/2-1/2

[Event "National Open"]
[Site "Las Vegas USA"]
[Date "2004.06.19"]
[Round "3"]
[White "Griffiths,M"]
[Black "Kretchetov,A"]
[Result "1/2-1/2"]
[WhiteElo "2248"]
[BlackElo "2322"]

1.d4 d5 2.c4 c6 3.Nf3 Nf6 4.Nc3 a6 5.a4 e6 6.Bg5 h6 7.Bh4 Bb4 8.Qb3 a5 9.e3 O-O
10.Bd3 g5 11.Bg3 Ne4 12.Bxe4 dxe4 13.Ne5 f6 14.Ng6 Rf7 15.h4 Rg7 16.h5 c5
17.O-O-O Bxc3 18.dxc5 Qe8 19.Qxc3 e5 20.Rd6 Rf7 21.Rhd1 Nc6 22.f3 Bf5 23.fxe4 Bxe4
24.b3 Kh7 25.Rf1 Bxg6 26.hxg6+ Kxg6 27.Qd3+ Kg7 28.Qf5 Qe7 29.Rfd1  1/2-1/2